| 000 | 00707cam a2200181 4500 | ||
|---|---|---|---|
| 001 | WS111044 | ||
| 008 | 000000n 000 0 eng u | ||
| 035 | _a(Sirsi) u111044 | ||
| 110 |
_aBrick Development Association _93278 |
||
| 245 | _aBrick Development Association | ||
| 520 | _aSite for this organisation which represents brick manufacturers. includes a list of member companies, guidance notes, frequently asked questions and links to their journal 'Brick Bulletin'. | ||
| 650 | _aBRICKS | ||
| 650 | _aORGANISATION | ||
| 650 | _aJOURNALS | ||
| 690 | _aBUILT ENVIRONMENT-BUILDING MATERIALS | ||
| 856 | 4 | 0 |
_uhttps://www.brick.org.uk _zView the website free of charge at ww.brick.org.uk... |
| 942 | _n0 | ||
| 999 |
_c119810 _d119810 |
||